| 000 | 00000nam##2200000za#4500 |
| 001 | 9.697707 |
| 003 | CaOODSP |
| 005 | 20250506145324 |
| 007 | cr ||||||||||| |
| 008 | 150407|1981||||xxc|||||o f|0| 0 eng|d |
| 040 | |aCaOODSP|beng |
| 043 | |an-cn--- |
| 086 | 1 |aA63-1568/1981E-PDF |
| 110 | 1 |aCanada.|bAgriculture Canada. |
| 245 | 10|aFarm pasture fencing / |h[electronic resource]|c[by] J. Skinner, R. Rae and R. Kapty. |
| 260 | |aOttawa - Ontario : |bAgriculture Canada |c1981. |
| 300 | |a32p.|bfigs., illus., references, tables |
| 500 | |aHistorical publication digitized by Agriculture and Agri-Food Canada. "A federal/provincial publication. Canada/Manitoba"--p. 3 of 32. |
| 590 | |a13-17-Supp|b2013-07-25 |
| 690 | 07|aConstruction|2gcpds |
| 690 | 07|aFarming|2gcpds |
| 690 | 07|aAgricultural technology|2gcpds |
| 775 | 08|tClôtures de ferme / |w(CaOODSP)9.642234 |
| 856 | 40|ahttp://publications.gc.ca|qPDF|s1.69 MB|uhttps://publications.gc.ca/collections/collection_2013/aac-aafc/agrhist/A63-1568-1981-eng.pdf |
| 986 | |a1568 |